• AIU
  • Tony Wilmot Memorial Library

Bali -le 'fluba 'tre : Zozi blamin pli B. (Record no. 41572)

MARC details
000 -LEADER
fixed length control field 00726nam a22002051a 4500
005 - DATE AND TIME OF LATEST TRANSACTION
control field 20110718133546.0
008 - FIXED-LENGTH DATA ELEMENTS--GENERAL INFORMATION
fixed length control field 091005s1999 001 0 eng d
020 ## - INTERNATIONAL STANDARD BOOK NUMBER
Terms of availability 0.00
040 ## - CATALOGING SOURCE
Original cataloging agency NEGST Library - Kenya
050 #4 - LIBRARY OF CONGRESS CALL NUMBER
Classification number BS 325.Y36 1999
082 0# - DEWEY DECIMAL CLASSIFICATION NUMBER
Classification number BS 325.Y36 1999
100 1# - MAIN ENTRY--PERSONAL NAME
Personal name Societe Chretienne Biblique.
245 10 - TITLE STATEMENT
Title Bali -le 'fluba 'tre : Zozi blamin pli B.
260 ## - PUBLICATION, DISTRIBUTION, ETC. (IMPRINT)
Place of publication, distribution, etc Abidjan :
Name of publisher, distributor, etc Societe Chretienne Bibli,
Date of publication, distribution, etc 1999.
300 ## - PHYSICAL DESCRIPTION
Extent viii, 495 p. : i.
500 ## - GENERAL NOTE
General note "Le Nouveau Testament en yaoure de Cote d'Ivoire." - T.p. verso. Includes maps on end papers. [Africana]
600 10 - SUBJECT ADDED ENTRY--PERSONAL NAME
Personal name Bible. N.T. Yaoure. 1999.
600 10 - SUBJECT ADDED ENTRY--PERSONAL NAME
Personal name Yaoure language - Texts.
852 ## - LOCATION/CALL NUMBER
-- 12.00
Holdings
Withdrawn status Lost status Source of classification or shelving scheme Damaged status Not for loan Collection code Home library Current library Shelving location Date acquired Cost, normal purchase price Total Checkouts Full call number Barcode Date last seen Price effective from Koha item type
    Library of Congress Classification     Reference AIU/NEGST - Tony Wilmot Memorial Library AIU/NEGST - Tony Wilmot Memorial Library Reference 10/05/2009 12.00   REF BS 325.Y36 1999 R36592M3232 09/26/2019 10/05/2009 Reference